| 000 | 02620nam a2200373 a 4500 | ||
|---|---|---|---|
| 001 | ebr10469845 | ||
| 003 | CaPaEBR | ||
| 006 | m u | ||
| 007 | cr cn||||||||| | ||
| 008 | 100907s2011 inua s 001 0 eng d | ||
| 010 | _z 2010037960 | ||
| 020 | _z9780470876534 (pbk.) | ||
| 020 | _z9781118003152 (e-book) | ||
| 020 | _z9781118003145 (e-book) | ||
| 020 | _z9781118003138 (e-book) | ||
| 040 |
_aCaPaEBR _cCaPaEBR |
||
| 035 | _a(OCoLC)682621902 | ||
| 050 | 1 | 4 |
_aQA76.9.V5 _bF56 2011eb |
| 082 | 0 | 4 |
_a005.4/476 _222 |
| 100 | 1 |
_aFinn, Aidan, _d1974- |
|
| 245 | 1 | 0 |
_aMastering Hyper-V deployment _h[electronic resource] / _cAidan Finn, Patrick Lownds. |
| 260 |
_aIndianapolis, Ind. : _bWiley Technology Pub., _cc2011. |
||
| 300 |
_axxvi, 574 p. : _bill. |
||
| 500 | _aIncludes index. | ||
| 505 | 0 | _apt. 1. Overview -- pt. 2. Planning -- pt. 3. Deploying core virtualization technologies -- pt. 4. Advanced management -- pt. 5. Additional operations. | |
| 520 |
_a"The only book to take an in-depth look at deploying Hyper-V Now in its second generation, the popular Hyper-V boasts technical advances that create even more dynamic systems than ever before. This unique resource serves an authoritative guide to deploying Windows Server 2008 R2 Hyper-V comprehensively. Step-by-step instructions demonstrate how to design a Hyper-V deployment, build a Hyper-V host environment, and design a management system with System Center Virtual Machine Manager 2008 R2. Features real-world examples that show you how to design a Hyper-V deployment, build a Hyper-V host environment, and design a management system Walks you through incorporating System Center Operations Manager 2008 R2, System Center Data Protection Manager 2010, and System Center Essentials 2010 Offers authoritative coverage of Hyper-V security, business continuity, and an array of VM roles, including domain controllers, Exchange Server, SQL Server, and System Center This in-depth guide is the ultimate resource for system administrators, engineers, and architects, and IT consultants deploying Hyper-V."-- _cProvided by publisher. |
||
| 533 |
_aElectronic reproduction. _bPalo Alto, Calif. : _cebrary, _d2011. _nAvailable via World Wide Web. _nAccess may be limited to ebrary affiliated libraries. |
||
| 630 | 0 | 0 | _aMicrosoft Windows server Hyper-V. |
| 650 | 0 | _aVirtual computer systems. | |
| 655 | 7 |
_aElectronic books. _2local |
|
| 700 | 1 |
_aLownds, Patrick, _d1970- |
|
| 710 | 2 | _aebrary, Inc. | |
| 856 | 4 | 0 |
_uhttp://site.ebrary.com/lib/rucke/Doc?id=10469845 _zAn electronic book accessible through the World Wide Web; click to view |
| 999 |
_c221943 _d221943 |
||